| Record ID | marc_uic/UIC_2022.mrc:50468858:1665 |
| Source | marc_uic |
| Download Link | /show-records/marc_uic/UIC_2022.mrc:50468858:1665?format=raw |
LEADER: 01665cam a2200445 a 4500
001 9938445512005897
005 20200410191044.0
008 830616s1983 nyua c 001 0 eng
010 $a83013097
019 $a17250430
020 $a0870993488 :$c$18.50
020 $a0870993461 (pbk.) :$c$12.50
020 $a0810914433
029 1 $aNLGGC$b833098853
035 $a4485580-01carli_network
035 $a(OCoLC)ocm09685985$z(OCoLC)17250430
035 $a(UIUdb)5281045
035 $a(EXLNZ-01CARLI_NETWORK)991108664239705816
040 $aDLC$cDLC$dCSA$dMUQ$dBAKER$dBTCTA$dUIUdb
043 $an-us-ny
049 $aUIUU
050 00 $aN610$b.A6743 1983
082 00 $a708.147/1$219
110 2 $aMetropolitan Museum of Art (New York, N.Y.)
245 14 $aThe Metropolitan Museum of Art guide /$cedited by Kathleen Howard.
260 $aNew York :$bThe Museum,$cc1983.
300 $a432 p. :$bill. (some col.) ;$c25 cm.
500 $aWorks of art selected by Philippe de Montebello; descriptive texts written by the curatorial staff of the Museum.
500 $aIncludes index.
650 0 $aArt$zNew York (State)$zNew York$vCatalogs.
610 20 $aMetropolitan Museum of Art (New York, N.Y.)$vCatalogs.
610 26 $aMetropolitan Museum of Art (New York, N.Y.)$vCatalogues.
650 6 $aArt$zNew York (État)$zNew York$xCatalogues.
700 1 $aDe Montebello, Philippe.
700 1 $aHoward, Kathleen,$d1941-
938 $aBaker & Taylor$bBKTY$c12.95$d12.95$i0870993461$n0000804203$sactive
938 $aBaker and Taylor$bBTCP$n83013097 //r96$c$18.50
959 $a(UIUdb)5281045
959 $a(UICdb)384455$9LOCAL
994 $aC0$bUIU